Makroekonomické faktory ovlivňující business angels aktivitu a tvorbu venture capital v České republice
Závislosť business angels aktivít na faktoroch makroekonomikého prostredia. Faktory business angels aktivity na základe regresného modelu.
Uložené v:
| Hlavný autor: | |
|---|---|
| Médium: | Kapitola |
| Jazyk: | Czech |
| Predmet: | |
| Tagy: |
Žiadne tagy, Buďte prvý, kto otaguje tento záznam!
|
MARC
| LEADER | 00000naa a2200000 4500 | ||
|---|---|---|---|
| 001 | 0200112 | ||
| 005 | 20231204135536.6 | ||
| 041 | 0 | |a cze | |
| 044 | |a CZ | ||
| 245 | 1 | 0 | |a Makroekonomické faktory ovlivňující business angels aktivitu a tvorbu venture capital v České republice |c Martina Skalická Dušátková |
| 520 | |a Závislosť business angels aktivít na faktoroch makroekonomikého prostredia. Faktory business angels aktivity na základe regresného modelu. | ||
| 610 | 2 | 0 | |a modely regresné |
| 610 | 2 | 0 | |a prostredie ekonomické |
| 610 | 2 | 0 | |a makroekonomika |
| 610 | 2 | 0 | |a Česko |
| 610 | 2 | 0 | |a kapitál rozvojový |
| 100 | 1 | |a Skalická Dušátková, Martina | |